000
00339nam a2200157Ia 4500
100
_a
Ramo Simon
250
_a
3
942
_c
BK
654
_a
Electronics
245
_a
Fields and Waves in Communications Electronics
260
_b
Wiley
_a
New york
_c
1994
082
_a
537
_b
RAM
300
_a
844
546
_a
ENGLISH
999
_c
32994
_d
32994